Ensayo sobre las virtudes intelectuales

Furkejuvvon:
Bibliográfalaš dieđut
Váldodahkki: Gómez Robledo, Antonio (Dahkki)
Materiálatiipa: Girji
Giella:espánnjágiella
Almmustuhtton: Ciudad de México Fondo de Cultura Económica 1957
Fáttát:
Fáddágilkorat: Lasit fáddágilkoriid
Eai fáddágilkorat, Lasit vuosttaš fáddágilkora!

MARC

LEADER 00000cam a2200000 a 4500
001 UCY4807
003 CL-VaPUC
008 950329e19570000MX |||||||||||||||||spa|d
020 |a 9681623088 
082 0 4 |a 179.9  |b GOM  |2 21 
100 |a Gómez Robledo, Antonio  |e author  |9 395063 
245 1 0 |a Ensayo sobre las virtudes intelectuales 
300 |a 242 p 
942 |c BK 
945 |d 19950329 00:00:00  |a aalvarez 
260 |a Ciudad de México  |b Fondo de Cultura Económica  |c 1957 
650 0 |a Inteligencia  |9 267038 
650 0 |a Virtud  |9 315987 
650 0 |a Conductas de vida  |x Filosofía  |9 333309 
583 |a last modification  |c 20160915 11:09:35  |k Rodrigo Vera 
999 |c 232571  |d 232569 
952 |0 0  |1 0  |4 0  |6 179_900000000000000_GOM_1957  |7 0  |8 A  |9 237268  |a BIBEDU  |b BIBEDU  |d 2019-11-15  |i 3070751  |o 179.9 GOM 1957  |p 3070751  |r 2019-11-15  |w 2019-11-15  |y BK  |k FIL 
952 |0 0  |1 0  |4 0  |6 179_900000000000000_GOM_1957  |7 0  |8 A  |9 237269  |a BIBEDU  |b BIBEDU  |d 2019-11-15  |i 1561847  |o 179.9 GOM 1957  |p 1561847  |r 2019-11-15  |w 2019-11-15  |y BK  |k FIL